00653nam a2200193Ia 4500020002500000082001600025100001900041245007300060260004800133300001300181440005200194650006300246650003100309650004100340650002000381700002200401700001700423700001900440 a948a9296510005009346 a337.5 DAR-E aDargin, Justin 0aEnergy, trade and finance in Asia: a political and economic analysis aLondonbPickering & Chatto Publishersc2012 axvi, 241 aPerspectives in economic and social history; 15 aEast AsiavForeign economic relationsvPersian Gulf States aEast AsiavEconomic Policy aPersian Gulf statesvEconomic policy aEconomic policy aWright, Robert E. aLim, Tai Wei aAugust, Andrew